[Event "European Team Championship"]
[Site "Reykjavik ISL"]
[Date "2015.11.16"]
[EventDate "2015.11.13"]
[Round "4.13"]
[Result "0-1"]
[White "Avni Ermeni"]
[Black "Bogdan-Daniel Deac"]
[WhiteElo "2285"]
[BlackElo "2440"]
[PlyCount "66"]

1. d4 Nf6 2. Nf3 g6 3. c4 Bg7 4. Nc3 O-O 5. b4 d6 6. Bb2 c5
7. b5 cxd4 8. Nxd4 Nbd7 9. e3 Nb6 10. Rc1 Qc7 11. Qb3 e5
12. Nf3 Be6 13. Nd2 Rfc8 14. Na4 Nxa4 15. Qxa4 a6 16. a3 axb5
17. Qxb5 Nd7 18. Be2 Nc5 19. Qb4 Ra6 20. Rb1 Bf5 21. e4 Nxe4
22. Nxe4 Bxe4 23. O-O Rb6 24. Qd2 Bxb1 25. Rxb1 e4 26. Qc2
Rxb2 27. Rxb2 Bxb2 28. Qxb2 d5 29. cxd5 Qc1+ 30. Qxc1 Rxc1+
31. Bf1 Rd1 32. g3 Rxd5 33. a4 Kg7 0-1

[Event "European Team Championship"]
[Site "Reykjavik ISL"]
[Date "2015.11.16"]
[EventDate "2015.11.13"]
[Round "4.14"]
[Result "0-1"]
[White "Grzegorz Gajewski"]
[Black "Ferenc Berkes"]
[WhiteElo "2647"]
[BlackElo "2648"]
[PlyCount "72"]

1. Nf3 Nf6 2. c4 g6 3. Nc3 d5 4. e3 Bg7 5. cxd5 Nxd5 6. Bc4
Nb6 7. Bb3 O-O 8. d4 c5 9. O-O cxd4 10. exd4 Bg4 11. d5 N8d7
12. h3 Bxf3 13. Qxf3 Nc8 14. Re1 Nd6 15. Bg5 Bf6 16. Bxf6 exf6
17. Qf4 Nc5 18. Bc2 Rc8 19. Re3 Re8 20. Rxe8+ Nxe8 21. Re1 Nd6
22. h4 Qb6 23. Qxf6 Qxb2 24. Re2 Nb5 25. Bxg6 Qa1+ 26. Bb1
Qxc3 27. Qf5 Ra8 28. d6 Kf8 29. Re5 Qc1+ 30. Kh2 Qh6 31. Rxc5
Qxh4+ 32. Kg1 Re8 33. Rc1 Nd4 34. g3 Qh6 35. Rc8 Nxf5 36. d7
Nd6 0-1

[Event "European Team Championship"]
[Site "Reykjavik ISL"]
[Date "2015.11.16"]
[EventDate "2015.11.13"]
[Round "4.14"]
[Result "1/2-1/2"]
[White "Csaba Balogh"]
[Black "Robert Kempinski"]
[WhiteElo "2645"]
[BlackElo "2614"]
[PlyCount "68"]

1. e4 c5 2. Nf3 d6 3. d4 cxd4 4. Nxd4 Nf6 5. Nc3 a6 6. h3 e5
7. Nde2 b5 8. Nd5 Nbd7 9. Nec3 Bb7 10. Bg5 Rc8 11. a4 b4
12. Bxf6 Nxf6 13. Nxf6+ Qxf6 14. Nd5 Qg6 15. Qd3 Be7 16. O-O-O
Rc5 17. Qf3 Bd8 18. Kb1 O-O 19. Bd3 a5 20. Ne3 Qe6 21. Qg4
Qxg4 22. hxg4 g6 23. f3 Bg5 24. Rhe1 Rd8 25. Bb5 d5 26. exd5
Bxd5 27. Nxd5 Rcxd5 28. Rxd5 Rxd5 29. Bc6 Rc5 30. Bb5 Rd5
31. Bc4 Rc5 32. Bb5 Rd5 33. Bc4 Rc5 34. Bb5 Rd5 1/2-1/2

[Event "European Team Championship"]
[Site "Reykjavik ISL"]
[Date "2015.11.16"]
[EventDate "2015.11.13"]
[Round "4.15"]
[Result "1/2-1/2"]
[White "Margeir Petursson"]
[Black "Toms Kantans"]
[WhiteElo "2520"]
[BlackElo "2514"]
[PlyCount "81"]

1. c4 e5 2. Nc3 Nc6 3. g3 Bc5 4. Bg2 d6 5. e3 a6 6. Nge2 Ba7
7. Nd5 h5 8. h4 Bg4 9. b4 Qd7 10. a4 Nce7 11. Ndc3 Nf6 12. Qb3
c6 13. b5 Rd8 14. d4 exd4 15. exd4 d5 16. c5 O-O 17. Bf4 Ng6
18. Bg5 Rfe8 19. Ra2 Qf5 20. Qc2 Qe6 21. O-O Rd7 22. Nf4 Nxf4
23. Bxf4 Bh3 24. Qd3 Bf5 25. Qd1 Ne4 26. Re2 Bb8 27. Qc1 Qf6
28. Bxb8 Rxb8 29. Qf4 Rbd8 30. Nxe4 dxe4 31. Bxe4 Bxe4
32. Qxf6 gxf6 33. Rxe4 axb5 34. axb5 cxb5 35. Rb1 Rxd4
36. Rxd4 Rxd4 37. Rxb5 Rd5 38. Kg2 Kg7 39. Kf3 b6 40. Rxb6
Rxc5 41. Ke4 1/2-1/2

[Event "European Team Championship"]
[Site "Reykjavik ISL"]
[Date "2015.11.16"]
[EventDate "2015.11.13"]
[Round "4.15"]
[Result "1-0"]
[White "Normunds Miezis"]
[Black "Fridrik Olafsson"]
[WhiteElo "2496"]
[BlackElo "2392"]
[PlyCount "81"]

1. c4 Nf6 2. Nc3 d5 3. cxd5 Nxd5 4. g3 Nb6 5. Bg2 g6 6. d3 Bg7
7. h4 h6 8. Bd2 Nc6 9. Nf3 e5 10. Ne4 Qe7 11. Qc1 f5 12. Nc5
Nd7 13. Nb3 a5 14. Be3 a4 15. Nbd2 Ra6 16. Nc4 Nf6 17. Na3 Ra5
18. Nc4 Ra6 19. O-O Ng4 20. Bd2 O-O 21. Ne3 Kh7 22. Nxg4 fxg4
23. Ne1 Bf5 24. Bc3 b5 25. Nc2 Nd4 26. Qd1 c5 27. Ne3 b4
28. Bxd4 exd4 29. Nxf5 gxf5 30. Rc1 Re6 31. Qxa4 Rxe2 32. Qc6
Re5 33. a4 bxa3 34. bxa3 Rf6 35. Qb7 Qe8 36. Rb1 Rf7 37. Qc6
Ra7 38. a4 c4 39. dxc4 d3 40. Rfd1 Qd8 41. Bd5 1-0

[Event "European Team Championship"]
[Site "Reykjavik ISL"]
[Date "2015.11.16"]
[EventDate "2015.11.13"]
[Round "4.17"]
[Result "1/2-1/2"]
[White "Stef Soors"]
[Black "Tautvydas Vedrickas"]
[WhiteElo "2394"]
[BlackElo "2320"]
[PlyCount "88"]

1. e4 g6 2. d4 Bg7 3. Nc3 d6 4. Be3 a6 5. Qd2 Nd7 6. h4 h6
7. f4 h5 8. Nf3 b5 9. Ng5 Nh6 10. Bd3 Nb6 11. a4 b4 12. Ne2 a5
13. O-O d5 14. f5 gxf5 15. exf5 Nc4 16. Qc1 Nxe3 17. Qxe3 Ng4
18. Bb5+ Bd7 19. Bxd7+ Qxd7 20. Qd3 c5 21. dxc5 Bxb2 22. Rad1
Qc6 23. Kh1 Qxc5 24. Nf4 Be5 25. Nxd5 Rc8 26. Ne6 fxe6
27. fxe6 Nf2+ 28. Rxf2 Qxf2 29. Qb5+ Kf8 30. Rf1 Rxc2
31. Rxf2+ Rxf2 32. Nxe7 Rf6 33. Nc6 Bd6 34. g3 Rhh6 35. Nd4
Rhg6 36. Qxa5 Rf1+ 37. Kg2 Rgf6 38. Qd8+ Kg7 39. Nf3 R6xf3
40. Qg5+ Kf8 41. Qd8+ Kg7 42. Qg5+ Kf8 43. Qd8+ Kg7 44. Qg5+
Kf8 1/2-1/2

[Event "European Team Championship"]
[Site "Reykjavik ISL"]
[Date "2015.11.16"]
[EventDate "2015.11.13"]
[Round "4.18"]
[Result "1-0"]
[White "Helgi Dam Ziska"]
[Black "Stephen R Burns-Mannion"]
[WhiteElo "2523"]
[BlackElo "2342"]
[PlyCount "81"]

1. Nf3 d5 2. g3 Nf6 3. Bg2 c6 4. O-O Bf5 5. c4 e6 6. cxd5 exd5
7. d3 Be7 8. Qb3 Qb6 9. Qc2 O-O 10. Nc3 Nbd7 11. e4 dxe4
12. dxe4 Bg6 13. Nh4 Rfe8 14. h3 Bb4 15. Na4 Qa6 16. Nxg6 hxg6
17. a3 Bf8 18. Be3 Ne5 19. Rfd1 Rad8 20. f4 Nc4 21. Bf2 b5
22. Nc5 Qc8 23. a4 Rxd1+ 24. Rxd1 Rd8 25. b3 Na3 26. Rxd8 Qxd8
27. Qc1 b4 28. Kh2 Be7 29. e5 Nd5 30. Nb7 Qd7 31. Na5 c5
32. Bxc5 Nc3 33. Bxe7 Qxe7 34. Nc6 Qc5 35. Qd2 Kh7 36. h4 Nab1
37. Qd8 Ne2 38. Ne7 Qg1+ 39. Kh3 Nxf4+ 40. Kg4 Qd1+ 41. Qxd1
1-0

[Event "European Team Championship"]
[Site "Reykjavik ISL"]
[Date "2015.11.16"]
[EventDate "2015.11.13"]
[Round "4.18"]
[Result "1-0"]
[White "Rogvi Egilstoft Nielsen"]
[Black "Andrew J Muir"]
[WhiteElo "2275"]
[BlackElo "2313"]
[PlyCount "69"]

1. e4 c5 2. c3 d5 3. exd5 Qxd5 4. d4 Nf6 5. Nf3 Nc6 6. Be2
cxd4 7. cxd4 e6 8. Nc3 Qd6 9. O-O Be7 10. Nb5 Qd8 11. Bf4 Nd5
12. Bg3 a6 13. Nc3 O-O 14. Rc1 Nf6 15. a3 b6 16. Bc4 Bb7
17. Qd3 b5 18. Ba2 Rc8 19. Rfd1 Qb6 20. d5 exd5 21. Ng5 g6
22. Bxd5 Rcd8 23. Nge4 Nxe4 24. Qxe4 Bg5 25. Rc2 Rfe8 26. Qf3
Rd7 27. Re2 Rxe2 28. Qxe2 Re7 29. Qg4 Bf6 30. Ne4 Bxb2 31. Bd6
Ne5 32. Qf4 Bxd5 33. Nf6+ Kg7 34. Bxe7 Be6 35. Rd8 1-0

[Event "European Team Championship"]
[Site "Reykjavik ISL"]
[Date "2015.11.16"]
[EventDate "2015.11.13"]
[Round "4.18"]
[Result "1/2-1/2"]
[White "Andrew Burnett"]
[Black "John Arni Nilssen"]
[WhiteElo "2234"]
[BlackElo "2274"]
[PlyCount "86"]

1. e4 e6 2. d4 d5 3. Nc3 Bb4 4. Qf3 Ne7 5. exd5 Qxd5 6. Qxd5
exd5 7. Bf4 c6 8. O-O-O Bf5 9. f3 h5 10. a3 Bxc3 11. bxc3 Be6
12. Re1 Nd7 13. Nh3 Bxh3 14. gxh3 Nf8 15. Rg1 Ne6 16. Be5 Kd7
17. h4 Rhg8 18. c4 dxc4 19. Bxc4 Nd5 20. Bd3 g6 21. c4 Nb6
22. f4 Rae8 23. Kd2 f6 24. d5 Nc5 25. Bxg6 fxe5 26. Bxe8+ Rxe8
27. Rg7+ Kd6 28. Rg6+ Kd7 29. dxc6+ bxc6 30. Rg7+ Kd6
31. fxe5+ Rxe5 32. Rxe5 Nxc4+ 33. Kc3 Nxe5 34. Rxa7 Ne4+
35. Kc2 c5 36. Rh7 c4 37. Rh6+ Kd5 38. Rxh5 Kd4 39. Rxe5 Kxe5
40. h5 Kf6 41. a4 Nc5 42. a5 Na4 43. a6 Ke5 1/2-1/2

[Event "European Team Championship"]
[Site "Reykjavik ISL"]
[Date "2015.11.16"]
[EventDate "2015.11.13"]
[Round "4.2"]
[Result "1/2-1/2"]
[White "Etienne Bacrot"]
[Black "Robert Markus"]
[WhiteElo "2686"]
[BlackElo "2632"]
[PlyCount "102"]

1. e4 d6 2. d4 Nf6 3. Nc3 e5 4. Nf3 Nbd7 5. Bc4 Be7 6. O-O O-O
7. a4 c6 8. Re1 exd4 9. Nxd4 Ne5 10. Bf1 Re8 11. h3 Ng6 12. g3
Bf8 13. Bg2 Bd7 14. Be3 h6 15. f4 Qc7 16. Qd2 Rad8 17. Qf2 c5
18. Nb3 Bc6 19. Nd5 Bxd5 20. exd5 Ne7 21. c4 h5 22. Qf3 Qd7
23. Bf2 g6 24. Nd2 Bg7 25. b3 Nh7 26. Rab1 Nf5 27. Ne4 Nd4
28. Qd3 a5 29. Nd2 Rxe1+ 30. Rxe1 Re8 31. Rxe8+ Qxe8 32. Nf3
Qe2 33. Qxe2 Nxe2+ 34. Kf1 Nc1 35. Nd2 f5 36. Be3 Nf6 37. Bf3
Kf7 38. Bd1 Na2 39. Bc2 Nc3 40. Nf3 Nce4 41. Kg2 Bh8 42. Bc1
Bg7 43. Bb2 Bh6 44. Nh4 Bg7 45. Nf3 Bh6 46. Kh2 Bg7 47. Bxf6
Nxf6 48. Ng5+ Ke7 49. Kg2 Bh6 50. Ne6 Bf8 51. Kf3 Bh6 1/2-1/2

[Event "European Team Championship"]
[Site "Reykjavik ISL"]
[Date "2015.11.16"]
[EventDate "2015.11.13"]
[Round "4.4"]
[Result "1/2-1/2"]
[White "Yannick Pelletier"]
[Black "Francisco Vallejo Pons"]
[WhiteElo "2566"]
[BlackElo "2684"]
[PlyCount "229"]

1. d4 d5 2. c4 c6 3. Nf3 Nf6 4. Nc3 dxc4 5. a4 Bf5 6. Ne5 e6
7. f3 Bb4 8. e4 Bxe4 9. fxe4 Nxe4 10. Bd2 Qxd4 11. Nxe4 Qxe4+
12. Qe2 Bxd2+ 13. Kxd2 Qd5+ 14. Kc3 Na6 15. Nxc4 O-O 16. Qe5
f6 17. Qxd5 cxd5 18. Nd6 Rab8 19. b4 Nc7 20. Kb3 Ne8 21. Nxe8
Rbxe8 22. Rc1 f5 23. Be2 Re7 24. Rc5 Kf7 25. b5 Kf6 26. a5 Rd8
27. Rd1 g6 28. Bf3 Red7 29. Kc2 Ke7 30. Kc3 d4+ 31. Kc4 Kf6
32. a6 bxa6 33. bxa6 e5 34. Bc6 Rd6 35. g4 d3 36. gxf5 gxf5
37. Bb7 Rd4+ 38. Kc3 d2 39. Rc8 R8d7 40. Rf8+ Kg5 41. Bc8 Rc7+
42. Kb2 f4 43. Be6 Kh4 44. Rf5 Re7 45. Rxe5 Rd6 46. Re4 Rdxe6
47. Rxf4+ Kg5 48. Rd4 Rxa6 49. R1xd2 Rb7+ 50. Kc2 Ra2+ 51. Kd3
Ra3+ 52. Ke2 Rf7 53. Rd7 Rxd7 54. Rxd7 h5 55. Kf2 h4 56. h3
Ra4 57. Kf3 Kf5 58. Re7 a5 59. Rc7 Ke5 60. Rg7 Kd5 61. Rg5+
Kc6 62. Ke2 Kb6 63. Kd2 Ra2+ 64. Kc3 Ra3+ 65. Kb2 Rg3 66. Rf5
a4 67. Rf4 a3+ 68. Ka2 Rxh3 69. Re4 Kb5 70. Rf4 Kc5 71. Re4
Kd5 72. Rg4 Ke5 73. Rb4 Kf5 74. Rc4 Kg5 75. Rc5+ Kg4 76. Rc4+
Kg3 77. Rc3+ Kg2 78. Rc2+ Kf1 79. Rc1+ Ke2 80. Rc4 Kd2 81. Rb4
Kc2 82. Rc4+ Kd2 83. Rb4 Rh1 84. Rg4 Kc3 85. Rf4 h3 86. Rf3+
Kd2 87. Rg3 Ke2 88. Rc3 Kf2 89. Rc2+ Kf3 90. Rc3+ Kf4 91. Rc4+
Kf5 92. Rc5+ Ke4 93. Rc3 Kd4 94. Rg3 Kc5 95. Rc3+ Kb4 96. Rb3+
Kc4 97. Rf3 Kd4 98. Rg3 Ke4 99. Rc3 Kf4 100. Rc4+ Kf3
101. Rc3+ Ke2 102. Rg3 Kf2 103. Rc3 h2 104. Rc2+ Kf3 105. Rc3+
Kg2 106. Rc2+ Kg3 107. Rc3+ Kg4 108. Rc4+ Kf3 109. Rc3+ Ke2
110. Rh3 Kf1 111. Rh8 Rg1 112. Rxh2 Rg2+ 113. Rxg2 Kxg2
114. Kb3 a2 115. Kxa2 1/2-1/2

[Event "European Team Championship"]
[Site "Reykjavik ISL"]
[Date "2015.11.16"]
[EventDate "2015.11.13"]
[Round "4.4"]
[Result "1/2-1/2"]
[White "Nico Georgiadis"]
[Black "Renier Vazquez Igarza"]
[WhiteElo "2472"]
[BlackElo "2565"]
[PlyCount "133"]

1. d4 d5 2. c4 c6 3. Nf3 Nf6 4. Qb3 e6 5. g3 Nbd7 6. Bg2 Be7
7. O-O O-O 8. Bf4 b6 9. cxd5 Nxd5 10. Bd2 Bb7 11. e4 N5f6
12. Nc3 c5 13. d5 exd5 14. exd5 Bd6 15. Rad1 a6 16. a4 Qc7
17. Bg5 h6 18. Bxf6 Nxf6 19. Nd2 Bc8 20. Nc4 Rb8 21. Nxd6 Qxd6
22. Qc4 b5 23. axb5 axb5 24. Ne4 Nxe4 25. Qxe4 Bd7 26. b3 Rfe8
27. Qc2 Rec8 28. Rfe1 c4 29. bxc4 Rxc4 30. Qb3 Rbc8 31. Re4
Rc1 32. Rd4 R8c3 33. Qb2 Qc5 34. h4 Rxd1+ 35. Rxd1 Rxg3
36. Qd4 Qxd4 37. Rxd4 Ra3 38. Rd2 Ra1+ 39. Kh2 Ra4 40. h5 Kf8
41. Bf3 Ke7 42. d6+ Kf6 43. Kg3 g5 44. hxg6 fxg6 45. Bd1 Rc4
46. f3 h5 47. Be2 h4+ 48. Kg2 Rb4 49. Bf1 Ke5 50. Kh2 Rf4
51. Bh3 Rf7 52. Bxd7 Rxd7 53. Rb2 Rxd6 54. Rxb5+ Kf4 55. Rb4+
Kxf3 56. Rxh4 Rd2+ 57. Kh3 Rd8 58. Rh7 Rd5 59. Kh2 Rd2+
60. Kh3 Rd5 61. Kh2 Kg4 62. Ra7 Rd2+ 63. Kg1 g5 64. Ra3 Kh4
65. Rb3 g4 66. Ra3 g3 67. Ra8 1/2-1/2

[Event "European Team Championship"]
[Site "Reykjavik ISL"]
[Date "2015.11.16"]
[EventDate "2015.11.13"]
[Round "4.7"]
[Result "1/2-1/2"]
[White "Hrvoje Stevic"]
[Black "Mikhael Mchedlishvili"]
[WhiteElo "2604"]
[BlackElo "2618"]
[PlyCount "116"]

1. e4 c5 2. c3 Nf6 3. e5 Nd5 4. Nf3 e6 5. d4 cxd4 6. cxd4 d6
7. Bc4 Be7 8. O-O Nc6 9. exd6 Qxd6 10. Nc3 O-O 11. Re1 Rd8
12. Bb3 Nf6 13. Nb5 Qd7 14. Bf4 a6 15. Nc7 Ra7 16. d5 exd5
17. Rc1 Bd6 18. Bxd6 Qxd6 19. Nxd5 h6 20. Ne3 Qxd1 21. Rexd1
Rxd1+ 22. Rxd1 Bd7 23. a3 Kf8 24. Kf1 Ra8 25. Nd4 Nxd4
26. Rxd4 Rc8 27. Bc4 Rc5 28. Ke2 Ke7 29. b4 Rc8 30. Kd2 g6
31. h4 Bc6 32. f3 Re8 33. Bb3 b5 34. Nd1 Ra8 35. Nf2 a5
36. Nd3 axb4 37. axb4 Ra3 38. Kc2 Be8 39. Kb2 Ra8 40. Ne5 g5
41. hxg5 hxg5 42. Rd1 Ra6 43. Kc3 Nh5 44. Re1 Kf8 45. Nd3 Rc6+
46. Nc5 Nf4 47. g3 Nh5 48. Rg1 Rf6 49. Bd1 Ng7 50. Be2 Ne6
51. Ne4 Rh6 52. Nd6 Nd4 53. Kxd4 Rxd6+ 54. Ke3 Re6+ 55. Kd2
Rd6+ 56. Ke3 Re6+ 57. Kd2 Rd6+ 58. Ke3 Re6+ 1/2-1/2

[Event "European Team Championship"]
[Site "Reykjavik ISL"]
[Date "2015.11.16"]
[EventDate "2015.11.13"]
[Round "4.7"]
[Result "1-0"]
[White "Ante Brkic"]
[Black "Merab Gagunashvili"]
[WhiteElo "2599"]
[BlackElo "2539"]
[PlyCount "103"]

1. e4 d6 2. d4 Nf6 3. Nc3 g6 4. Bg5 Bg7 5. Qd2 c6 6. f4 O-O
7. Bd3 Qb6 8. e5 Nd5 9. Nxd5 cxd5 10. c3 dxe5 11. fxe5 f6
12. exf6 exf6 13. Be3 f5 14. Nf3 Nd7 15. O-O Nf6 16. Bf4 Bd7
17. a4 a5 18. Kh1 Ne4 19. Qc2 Rac8 20. Be5 Nf6 21. Ra3 Bc6
22. Rb3 Qd8 23. Bb5 Ne4 24. Bxc6 bxc6 25. Rb7 Bxe5 26. Nxe5
Rc7 27. Rxc7 Qxc7 28. b4 Rc8 29. Rb1 Qa7 30. Qb2 axb4 31. Qxb4
c5 32. Qb3 Nf6 33. Nf3 cxd4 34. Nxd4 Qc5 35. Ra1 Ne4 36. a5
Nxc3 37. Qb6 Qxb6 38. axb6 Rb8 39. Ra6 Na4 40. Rxa4 Rxb6
41. h4 Rb7 42. Kh2 Kf7 43. Ra5 Rd7 44. Kg3 h6 45. Ra6 Rc7
46. h5 Rc3+ 47. Kf4 gxh5 48. Rxh6 Rc4 49. Ke5 f4 50. Rxh5 Kg6
51. Rh4 Rc3 52. Kxf4 1-0

[Event "European Team Championship"]
[Site "Reykjavik ISL"]
[Date "2015.11.16"]
[EventDate "2015.11.13"]
[Round "4.8"]
[Result "0-1"]
[White "Athanasios Mastrovasilis"]
[Black "Loek van Wely"]
[WhiteElo "2544"]
[BlackElo "2632"]
[PlyCount "116"]

1. Nf3 c5 2. c4 Nf6 3. Nc3 d5 4. cxd5 Nxd5 5. d4 Nxc3 6. bxc3
g6 7. g3 Bg7 8. Bg2 O-O 9. O-O cxd4 10. Nxd4 Nc6 11. Nxc6 bxc6
12. Bxc6 Bh3 13. Qxd8 Raxd8 14. Bg2 Bxc3 15. Rb1 Bg4 16. Bh6
Bg7 17. Bxg7 Kxg7 18. Rb7 Rd7 19. Rxd7 Bxd7 20. Bd5 Rc8
21. Bb3 Bb5 22. f4 a5 23. Rb1 Rc5 24. Kf2 e5 25. Rb2 exf4
26. gxf4 Rh5 27. Kg3 a4 28. Bc2 Rc5 29. Bd1 Rd5 30. Rb1 Bd7
31. Kf2 Rd2 32. a3 Kf6 33. Rc1 Ra2 34. Rc3 Ra1 35. Rd3 Bb5
36. Rd6+ Ke7 37. Rd5 Bc6 38. Rd3 Ke6 39. Bc2 Rh1 40. Re3+ Kd6
41. Rh3 Rc1 42. Bd3 Rc3 43. Rxh7 Bd5 44. h4 Rxa3 45. h5 gxh5
46. Rh6+ Kc5 47. Rxh5 Rxd3 48. exd3 a3 49. Rg5 a2 50. Rg1 Kd4
51. Ke2 Kc3 52. f5 Bb3 53. Ke3 Bc2 54. Ra1 Bb1 55. d4 Kc4
56. Rxa2 Bxa2 57. Ke4 f6 58. d5 Bb1+ 0-1

[Event "European Team Championship"]
[Site "Reykjavik ISL"]
[Date "2015.11.16"]
[EventDate "2015.11.13"]
[Round "4.9"]
[Result "1/2-1/2"]
[White "Dragisa Blagojevic"]
[Black "Viktor Laznicka"]
[WhiteElo "2481"]
[BlackElo "2665"]
[PlyCount "137"]

1. d4 f5 2. g3 Nf6 3. Bg2 g6 4. c4 Bg7 5. Nc3 O-O 6. Nf3 d6
7. O-O c6 8. d5 e5 9. dxe6 Bxe6 10. b3 Na6 11. Ng5 Bc8 12. Bb2
h6 13. Nf3 Be6 14. Qc2 d5 15. Rad1 Qe8 16. cxd5 Nb4 17. Qb1
Nbxd5 18. e3 Rd8 19. Nh4 Qf7 20. Ne2 Bc8 21. Nc3 Be6 22. Ne2
c5 23. Nf3 g5 24. Ne5 Qc7 25. Nc3 Nxc3 26. Bxc3 Nd5 27. Bxd5
Bxd5 28. f4 b5 29. Qc2 gxf4 30. exf4 Be4 31. Qe2 c4 32. bxc4
bxc4 33. Qf2 Rfe8 34. h3 Rxd1 35. Rxd1 Rd8 36. Rc1 Bf8 37. Kh2
Ba3 38. Re1 Bc5 39. Qe2 Bd4 40. Bxd4 Rxd4 41. Nf3 Rd8 42. Nd2
Bd5 43. Rc1 Qc6 44. Nb1 Re8 45. Qd2 Qe6 46. Nc3 Bc6 47. g4 Re7
48. Rg1 Kf7 49. g5 Qe3 50. Qxe3 Rxe3 51. gxh6 Rxc3 52. Rg7+
Kf8 53. Rc7 Rc2+ 54. Kg3 Kg8 55. Rxc6 Rxa2 56. Rxc4 Ra6
57. Rc5 Rg6+ 58. Kh2 Rf6 59. Rc7 a5 60. h7+ Kh8 61. Ra7 a4
62. Kg3 Rg6+ 63. Kh4 Rh6+ 64. Kg5 Rxh3 65. Rxa4 Kxh7 66. Ra7+
Kg8 67. Kg6 Rg3+ 68. Kxf5 Rb3 69. Kg5 1/2-1/2

[Event "European Team Championship"]
[Site "Reykjavik ISL"]
[Date "2015.11.16"]
[EventDate "2015.11.13"]
[Round "4.10"]
[Result "1/2-1/2"]
[White "Liviu Dieter Nisipeanu"]
[Black "Nils Grandelius"]
[WhiteElo "2683"]
[BlackElo "2644"]
[PlyCount "96"]

1. d4 d5 2. Nf3 Nf6 3. c4 e6 4. Nc3 Be7 5. Bf4 O-O 6. e3 b6
7. Be2 Bb7 8. Qc2 Nbd7 9. cxd5 Nxd5 10. Nxd5 Bxd5 11. O-O c5
12. e4 Bb7 13. Rad1 Nf6 14. dxc5 Qc8 15. e5 Nd5 16. Ng5 g6
17. Bc1 Qxc5 18. Qb3 Qb4 19. Qg3 Rac8 20. a3 Qa4 21. b3 Qc6
22. Bf3 Qc2 23. Qh3 Bxg5 24. Bxg5 Qf5 25. Qh4 h5 26. Rfe1 Rc3
27. Be4 Qg4 28. Qxg4 hxg4 29. Rd3 Rfc8 30. Rxc3 Rxc3 31. Rb1
Ba6 32. Bd2 Bd3 33. Bxc3 Bxb1 34. Bxb1 Nxc3 35. Bd3 Kg7
36. Kf1 g5 37. g3 f5 38. exf6+ Kxf6 39. Ke1 Ke5 40. Bg6 Nb5
41. Kd2 Nd4 42. Kc3 Nf3 43. Kb4 Kd6 44. Kb5 Kc7 45. Ka6 Kb8
46. Kb5 Kc7 47. Ka6 Kb8 48. Kb5 Kc7 1/2-1/2

[Event "European Team Championship"]
[Site "Reykjavik ISL"]
[Date "2015.11.16"]
[EventDate "2015.11.13"]
[Round "4.10"]
[Result "1/2-1/2"]
[White "Rainer Buhmann"]
[Black "Tiger Hillarp Persson"]
[WhiteElo "2619"]
[BlackElo "2539"]
[PlyCount "164"]

1. Nf3 Nf6 2. c4 g6 3. Nc3 Bg7 4. e4 d6 5. d4 O-O 6. Be2 e5
7. O-O Na6 8. Re1 c6 9. Bf1 exd4 10. Nxd4 Ng4 11. h3 Qb6
12. hxg4 Qxd4 13. Be2 Qxd1 14. Rxd1 Nc5 15. f3 Be5 16. Be3 f5
17. gxf5 gxf5 18. exf5 Bxf5 19. Kf2 Rae8 20. Bd4 Nd3+ 21. Bxd3
Bxd4+ 22. Kf1 Bxc3 23. bxc3 Re6 24. Kf2 Kg7 25. a4 Bxd3
26. Rxd3 a5 27. Rb1 Rf7 28. g4 Kg6 29. Rbd1 Rff6 30. Rd4 h5
31. gxh5+ Kh6 32. Rg4 Re5 33. Rg6+ Rxg6 34. hxg6 Kxg6
35. Rxd6+ Kf5 36. Rd4 Rc5 37. Ke2 b5 38. cxb5 cxb5 39. Kd3
bxa4 40. Rxa4 Rb5 41. Rh4 Ke6 42. Re4+ Kd6 43. f4 Rb1 44. Ra4
Rb5 45. Rd4+ Kc6 46. Ra4 Kd6 47. Ke4 Rc5 48. Rd4+ Ke6 49. Kd3
Rc8 50. Kc2 Rb8 51. Re4+ Kd6 52. Rd4+ Ke6 53. Rc4 Kd6 54. Re4
Rb7 55. Kd3 Rb5 56. Kc4 Rc5+ 57. Kb3 Rb5+ 58. Ka4 Rc5 59. Rd4+
Kc6 60. Kb3 Rb5+ 61. Kc4 Rh5 62. Rd2 Rc5+ 63. Kd4 Rd5+ 64. Ke3
Rc5 65. Kd3 Rd5+ 66. Kc2 Rf5 67. Rd4 Rh5 68. Re4 Kd6 69. Kb3
Rb5+ 70. Ka4 Rc5 71. c4 Rf5 72. Kb3 Rh5 73. Kc3 Rh3+ 74. Kd4
a4 75. c5+ Kd7 76. Kd5 Rh5+ 77. Kc4 a3 78. Rd4+ Kc7 79. Kb3
Rh3+ 80. Ka2 Rf3 81. Rc4 Kc6 82. Rc2 Rxf4 1/2-1/2

[Event "European Team Championship"]
[Site "Reykjavik ISL"]
[Date "2015.11.16"]
[EventDate "2015.11.13"]
[Round "4.11"]
[Result "1/2-1/2"]
[White "Viktor Bologan"]
[Black "Alexander Beliavsky"]
[WhiteElo "2630"]
[BlackElo "2622"]
[PlyCount "102"]

1. e4 e5 2. Nf3 Nc6 3. Bb5 a6 4. Ba4 Nf6 5. O-O Be7 6. Re1 b5
7. Bb3 O-O 8. h3 Bb7 9. d3 d6 10. a3 Nd7 11. Be3 Bf6 12. Nc3
Nd4 13. Bxd4 exd4 14. Nd5 Nc5 15. Ba2 Na4 16. Qd2 Be5 17. Rab1
c6 18. Nf4 Bc8 19. Bb3 Nc5 20. Ne2 Qf6 21. Nxe5 dxe5 22. f4
exf4 23. Rf1 Be6 24. Qb4 Qg5 25. Nxf4 Nxb3 26. Nxe6 fxe6
27. Qxb3 Qe5 28. a4 Rxf1+ 29. Rxf1 Rf8 30. Rxf8+ Kxf8 31. axb5
axb5 32. Qa3+ c5 33. Qa8+ Kf7 34. Qb7+ Kf6 35. Qxb5 Qg5
36. Qb8 Qc1+ 37. Kh2 Qxc2 38. Qd8+ Kg6 39. Qb6 Kf7 40. Qc7+
Kg6 41. b4 Qxd3 42. Qc6 Qb3 43. bxc5 Qb8+ 44. Kg1 Qb1+ 45. Kf2
Kf6 46. e5+ Kf5 47. Qf3+ Kxe5 48. Qg3+ Ke4 49. Qf3+ Ke5
50. Qg3+ Ke4 51. Qf3+ Ke5 1/2-1/2

[Event "European Team Championship"]
[Site "Reykjavik ISL"]
[Date "2015.11.16"]
[EventDate "2015.11.13"]
[Round "4.11"]
[Result "1/2-1/2"]
[White "Jure Borisek"]
[Black "Dmitry Svetushkin"]
[WhiteElo "2565"]
[BlackElo "2585"]
[PlyCount "135"]

1. e4 e5 2. Nf3 Nc6 3. Bb5 a6 4. Ba4 Nf6 5. O-O Be7 6. Re1 b5
7. Bb3 d6 8. c3 O-O 9. h3 Na5 10. Bc2 c5 11. d4 Nd7 12. dxc5
dxc5 13. Nbd2 Bb7 14. Qe2 Qc7 15. Nf1 Nc4 16. b3 Nd6 17. c4
Rfe8 18. Bb2 Bf8 19. Rad1 f6 20. Ne3 Nb6 21. Nd2 Bc8 22. Bd3
Bd7 23. Rc1 Rac8 24. Rc2 Qb8 25. Ba3 b4 26. Bb2 Nf7 27. Nd5
Ng5 28. Nf1 Ne6 29. Nfe3 Nd4 30. Bxd4 cxd4 31. Nxb6 Qxb6
32. Nd5 Qc5 33. a3 bxa3 34. b4 Qa7 35. Ra1 a5 36. Rxa3 Bxb4
37. Nxb4 Qc5 38. Rb2 axb4 39. Rab3 Rb8 40. Qd2 Qa5 41. Kh2 Re6
42. c5 Qxc5 43. Rxb4 Rxb4 44. Rxb4 Re8 45. Bc4+ Kh8 46. Bd5
Qc3 47. Qxc3 dxc3 48. Bb3 Rc8 49. Bc2 Kg8 50. Rb7 Be6 51. Kg3
Bc4 52. Kf3 g5 53. g3 h5 54. h4 g4+ 55. Ke3 Kf8 56. Ra7 Rd8
57. Rc7 Rd4 58. Rc8+ Ke7 59. Rc7+ Kd8 60. Rc5 Rd2 61. Rxc4
Rxc2 62. Rc6 Ke7 63. Rc7+ Kd6 64. Rc8 Rc1 65. Kd3 Rd1+ 66. Ke3
Rc1 67. Kd3 Rd1+ 68. Ke3 1/2-1/2

[Event "European Team Championship"]
[Site "Reykjavik ISL"]
[Date "2015.11.16"]
[EventDate "2015.11.13"]
[Round "4.11"]
[Result "1/2-1/2"]
[White "Viorel Iordachescu"]
[Black "Matej Sebenik"]
[WhiteElo "2581"]
[BlackElo "2528"]
[PlyCount "95"]

1. e4 c5 2. Nf3 Nc6 3. Bb5 e6 4. O-O Nge7 5. Re1 Nd4 6. Nxd4
cxd4 7. d3 a6 8. Ba4 Nc6 9. Nd2 b5 10. Bb3 Bb7 11. Qg4 h5
12. Qe2 Qc7 13. a4 Bd6 14. Nf3 f6 15. h4 b4 16. Bd2 Qb6
17. Ba2 O-O-O 18. c3 b3 19. Bb1 Bc5 20. a5 Qa7 21. cxd4 Nxd4
22. Nxd4 Bxd4 23. Ra3 d5 24. Rxb3 dxe4 25. Rc1+ Kb8 26. dxe4
Bxf2+ 27. Kf1 Bg1 28. Bd3 Rd6 29. Bb4 Rd7 30. Be1 Ka8 31. Rxb7
Kxb7 32. Rc3 Bd4 33. Rb3+ Ka8 34. Bxa6 Rb8 35. Bc4 Qc7
36. Rxb8+ Kxb8 37. Bxe6 Qf4+ 38. Qf3 Qxf3+ 39. gxf3 Re7
40. Bd5 Bxb2 41. Bf2 g5 42. hxg5 fxg5 43. a6 Be5 44. Be3 Bf4
45. Bc5 Rc7 46. Bd4 Rd7 47. Bb6 g4 48. fxg4 1/2-1/2

[Event "European Team Championship"]
[Site "Reykjavik ISL"]
[Date "2015.11.16"]
[EventDate "2015.11.13"]
[Round "4.12"]
[Result "0-1"]
[White "Hannes Stefansson"]
[Black "Daniele Vocaturo"]
[WhiteElo "2602"]
[BlackElo "2588"]
[PlyCount "106"]

1. d4 Nf6 2. c4 e6 3. Nf3 d5 4. g3 Be7 5. Bg2 O-O 6. O-O dxc4
7. Qc2 a6 8. Qxc4 b5 9. Qc2 Bb7 10. Bd2 Be4 11. Qc1 c6 12. Be3
Nbd7 13. Nc3 Bg6 14. Bg5 Rc8 15. Rd1 Qb6 16. Ne5 Nxe5 17. dxe5
Ng4 18. Rf1 f6 19. exf6 gxf6 20. Bd2 b4 21. Nd1 Qb5 22. Re1 c5
23. Bh3 f5 24. Bxg4 fxg4 25. Bg5 Bd6 26. Ne3 c4 27. Nxg4 h5
28. Rd1 Qc5 29. Nf6+ Kg7 30. Qd2 Rc6 31. Be3 Qf5 32. Nd7 Rf7
33. Nb6 c3 34. bxc3 bxc3 35. Qd4+ Be5 36. Qa4 Rxb6 37. Bxb6 c2
38. Re1 Bxa1 39. Rxa1 Rb7 40. Rc1 e5 41. Be3 Qd7 42. Qxd7+
Rxd7 43. f3 Rd1+ 44. Kf2 Kf7 45. Kg2 Bf5 46. Bg5 e4 47. g4
exf3+ 48. exf3 Bd3 49. gxh5 Ke6 50. Kf2 Kd5 51. h6 Kc4 52. h4
Kb4 53. Be7+ Ka4 0-1